[Event "1st Grandiscacchi Cattolica 2022"]
[Site "Cattolica"]
[Date "2022.03.05"]
[Round "5.7"]
[White "Assaubayeva, Bibisara"]
[Black "Dimitrov, Radoslav"]
[Result "1/2-1/2"]
[WhiteElo "2434"]
[BlackElo "2487"]
[Annotator "ChessBase"]
[PlyCount "172"]
[EventDate "2022.03.03"]
[EventType "swiss"]
[EventCountry "ITA"]
[SourceTitle "playchess.com"]
[Source "ChessBase"]
[SourceQuality "1"]
[TimeControl "5400+30"]

1. d4 {[%emt 1:31:00]} Nf6 {[%emt 0:10:16]} 2. c4 {[%emt 0:00:00]} e6 {[%emt 0:00:05]} 3. Nf3 {[%emt 0:00:00]} c5 {[%emt 0:00:03]} 4. d5 {[%emt 0:00:00]} b5 {[%emt 0:00:05]} 5. e4 {[%emt 0:00:00]} Nxe4 {[%emt 0:00:54]} 6. Bd3 {[%emt 0:00:00]} Nd6 {[%emt 0:00:28]} 7. dxe6 {[%emt 0:00:00]} dxe6 {[%emt 0:00:32]} 8. cxb5 {[%emt 0:00:00]} a6 {[%emt 0:00:06]} 9. bxa6 {[%emt 0:00:00]} Nxa6 {[%emt 0:01:36]} 10. O-O {[%emt 0:00:00]} Nb4 {[%emt 0:00:20]} 11. Be2 {[%emt 0:00:00]} Be7 {[%emt 0:02:56]} 12. Nc3 {[%emt 0:00:00]} O-O {[%emt 0:03:34]} 13. a3 {[%emt 0:00:00]} Nc6 {[%emt 0:02:46]} 14. Bf4 {[%emt 0:00:00]} Bb7 {[%emt 0:03:25]} 15. Rc1 {[%emt 0:00:00]} Na5 {[%emt 0:11:03]} 16. b4 {[%emt 0:00:00]} cxb4 {[%emt 0:02:37]} 17. axb4 {[%emt 0:00:00]} Nac4 {[%emt 0:02:26]} 18. b5 {[%emt 0:00:00]} Qa5 {[%emt 0:02:42]} 19. Qb3 {[%emt 0:00:00]} Rfc8 {[%emt 0:06:03]} 20. Rfd1 {[%emt 0:00:00]} Bf6 {[%emt 0:02:41]} 21. Bxd6 {[%emt 0:00:00]} Nxd6 {[%emt 0:00:02]} 22. Rxd6 {[%emt 0:00:00]} Rxc3 {[%emt 0:03:29]} 23. Rxc3 {[%emt 0:00:00]} Qxc3 {[%emt 0:00:13]} 24. Qxc3 {[%emt 0:00:00]} Bxc3 {[%emt 0:00:02]} 25. h4 {[%emt 0:00:00]} Kf8 {[%emt 0:02:19]} 26. Rd7 {[%emt 0:00:00]} Bd5 {[%emt 0:01:31]} 27. Rc7 {[%emt 0:04:30]} Ba5 {[%emt 0:00:30]} 28. Rc1 {[%emt 0:01:09]} Bb6 {[%emt 0:03:43]} 29. Ne5 {[%emt 0:01:16]} Ke7 {[%emt 0:00:01]} 30. Nc6+ {[%emt 0:03:06]} Kd7 {[%emt 0:03:51]} 31. Ne5+ {[%emt 0:01:39]} Ke7 {[%emt 0:07:01]} 32. Nc6+ {[%emt 0:00:04]} Ke8 {[%emt 0:00:04]} 33. Nb4 {[%emt 0:00:21]} Bb7 {[%emt 0:01:29]} 34. Na6 {[%emt 0:01:19]} Rd8 {[%emt 0:00:36]} 35. Rc2 {[%emt 0:01:05]} Rd4 {[%emt 0:01:27]} 36. h5 {[%emt 0:01:37]} Ra4 {[%emt 0:00:43]} 37. Bf3 {[%emt 0:01:14]} Ra1+ {[%emt 0:01:12]} 38. Kh2 {[%emt 0:00:03]} Bxf3 {[%emt 0:00:08]} 39. gxf3 {[%emt 0:00:01]} Rb1 {[%emt 0:00:05]} 40. h6 {[%emt 0:00:49]} g6 {[%emt 0:02:57]} 41. Nc5 {[%emt 0:01:07]} Rxb5 {[%emt 0:01:00]} 42. Ne4 {[%emt 0:00:01]} Ke7 {[%emt 0:01:43]} 43. Kg2 {[%emt 0:00:17]} g5 {[%emt 0:06:14]} 44. Rc8 {[%emt 0:00:45]} Bd8 {[%emt 0:01:09]} 45. Ra8 {[%emt 0:00:17]} Rd5 {[%emt 0:01:39]} 46. Ra7+ {[%emt 0:00:23]} Rd7 {[%emt 0:00:02]} 47. Ra6 {[%emt 0:00:10]} Bc7 {[%emt 0:04:50]} 48. Nxg5 {[%emt 0:00:30]} Bf4 {[%emt 0:00:09]} 49. Ra5 {[%emt 0:01:17]} f6 {[%emt 0:00:02]} 50. Nh3 {[%emt 0:00:18]} Bd2 {[%emt 0:00:45]} 51. Rb5 {[%emt 0:00:01]} Kf7 {[%emt 0:00:17]} 52. f4 {[%emt 0:00:09]} Kg6 {[%emt 0:01:21]} 53. Rb6 {[%emt 0:00:01]} Re7 {[%emt 0:00:30]} 54. Kf3 {[%emt 0:00:29]} Ba5 {[%emt 0:01:51]} 55. Ra6 {[%emt 0:00:25]} Bc7 {[%emt 0:00:05]} 56. Rc6 {[%emt 0:00:35]} Bd8 {[%emt 0:01:10]} 57. Ng1 {[%emt 0:01:07]} e5 {[%emt 0:05:19]} 58. fxe5 {[%emt 0:00:58]} Rxe5 {[%emt 0:00:03]} 59. Ne2 {[%emt 0:00:35]} Rf5+ {[%emt 0:00:01]} 60. Kg2 {[%emt 0:00:44]} Kxh6 {[%emt 0:00:02]} 61. Rd6 {[%emt 0:00:37]} Bc7 {[%emt 0:00:22]} 62. Rc6 {[%emt 0:00:18]} Be5 {[%emt 0:00:13]} 63. Ng3 {[%emt 0:00:35]} Rf4 {[%emt 0:00:15]} 64. Ne2 {[%emt 0:00:29]} Rg4+ {[%emt 0:00:48]} 65. Kh3 {[%emt 0:00:28]} Re4 {[%emt 0:00:11]} 66. Ng3 {[%emt 0:00:18]} Rf4 {[%emt 0:00:37]} 67. Kg2 {[%emt 0:00:11]} Kg6 {[%emt 0:00:13]} 68. Ne2 {[%emt 0:01:37]} Rg4+ {[%emt 0:00:19]} 69. Kh3 {[%emt 0:00:13]} Ra4 {[%emt 0:00:02]} 70. Rc2 {[%emt 0:00:27]} h5 {[%emt 0:00:23]} 71. Ng1 {[%emt 0:00:26]} h4 {[%emt 0:01:15]} 72. Re2 {[%emt 0:00:15]} Rf4 {[%emt 0:01:51]} 73. Re3 {[%emt 0:01:10]} Bd4 {[%emt 0:00:12]} 74. Rf3 {[%emt 0:00:20]} Rxf3+ {[%emt 0:00:10]} 75. Nxf3 {[%emt 0:00:02]} Bxf2 {[%emt 0:00:04]} 76. Kg2 {[%emt 0:00:42]} Bg3 {[%emt 0:00:04]} 77. Nd4 {[%emt 0:00:10]} Kg5 {[%emt 0:00:26]} 78. Kf3 {[%emt 0:00:23]} Be5 {[%emt 0:00:29]} 79. Nc6 {[%emt 0:01:08]} Bc3 {[%emt 0:00:34]} 80. Ne7 {[%emt 0:00:07]} Be1 {[%emt 0:00:20]} 81. Kg2 {[%emt 0:00:45]} Kg4 {[%emt 0:06:58]} 82. Nd5 {[%emt 0:00:05]} h3+ {[%emt 0:00:01]} 83. Kh1 {[%emt 0:00:06]} Bh4 {[%emt 0:00:11]} 84. Nxf6+ {[%emt 0:00:05]} Bxf6 {[%emt 0:00:03]} 85. Kh2 {[%emt 0:00:07]} Bd4 {[%emt 0:00:36]} 86. Kh1 {[%emt 0:00:06]} Kg3 {[%emt 0:00:03]} 1/2-1/2

[Event "1st Grandiscacchi Cattolica 2022"]
[Site "Cattolica"]
[Date "2022.03.05"]
[Round "5.8"]
[White "Davtyan, Artur"]
[Black "Raccanello, Marianna"]
[Result "1-0"]
[WhiteElo "2460"]
[BlackElo "2051"]
[Annotator "ChessBase"]
[PlyCount "67"]
[EventDate "2022.03.03"]
[EventType "swiss"]
[EventCountry "ITA"]
[SourceTitle "playchess.com"]
[Source "ChessBase"]
[SourceQuality "1"]
[TimeControl "5400+30"]

1. d4 {[%emt 0:01:40]} Nf6 {[%emt 0:00:16]} 2. c4 {[%emt 0:00:05]} g6 {[%emt 0:00:11]} 3. Nc3 {[%emt 1:30:15]} Bg7 {[%emt 0:00:05]} 4. e4 {[%emt 0:00:00]} d6 {[%emt 0:00:06]} 5. Be2 {[%emt 0:00:00]} O-O {[%emt 0:00:09]} 6. Nf3 {[%emt 0:00:00]} e5 {[%emt 0:00:08]} 7. O-O {[%emt 0:00:00]} Nc6 {[%emt 0:00:21]} 8. d5 {[%emt 0:00:00]} Ne7 {[%emt 0:00:06]} 9. b4 {[%emt 0:00:00]} a5 {[%emt 0:00:09]} 10. bxa5 {[%emt 0:00:00]} Rxa5 {[%emt 0:00:08]} 11. a4 {[%emt 0:00:00]} c5 {[%emt 0:00:25]} 12. Nd2 {[%emt 0:00:00]} Ne8 {[%emt 0:04:19]} 13. Nb3 {[%emt 0:00:00]} Ra6 {[%emt 0:00:06]} 14. Bd2 {[%emt 0:00:00]} f5 {[%emt 0:01:05]} 15. a5 {[%emt 0:00:00]} Nf6 {[%emt 0:07:16]} 16. exf5 {[%emt 0:00:00]} Nxf5 {[%emt 0:23:08]} 17. Bd3 {[%emt 0:00:00]} Nd4 {[%emt 0:10:13]} 18. Ne4 {[%emt 0:00:00]} Nh5 {[%emt 0:04:42]} 19. Nxd4 {[%emt 0:00:00]} cxd4 {[%emt 0:15:52]} 20. c5 {[%emt 0:00:00]} dxc5 {[%emt 0:00:05]} 21. Bxa6 {[%emt 0:00:00]} bxa6 {[%emt 0:00:06]} 22. Qb3 {[%emt 0:00:00]} Bf5 {[%emt 0:15:48]} 23. Nxc5 {[%emt 0:00:00]} Qd6 {[%emt 0:00:24]} 24. Ne6 {[%emt 0:00:00]} Rb8 {[%emt 0:00:04]} 25. Qc4 {[%emt 0:00:00]} Nf6 {[%emt 0:03:43]} 26. Nxg7 {[%emt 0:00:00]} Kxg7 {[%emt 0:00:08]} 27. f4 {[%emt 0:03:41]} Rc8 {[%emt 0:05:24]} 28. fxe5 {[%emt 0:00:30]} Qxe5 {[%emt 0:01:52]} 29. Qxa6 {[%emt 0:00:32]} Ne4 {[%emt 0:04:16]} 30. Rae1 {[%emt 0:02:37]} Rd8 {[%emt 0:04:15]} 31. Bg5 {[%emt 0:02:13]} Rxd5 {[%emt 0:00:24]} 32. Rxe4 {[%emt 0:00:44]} Qxe4 {[%emt 0:00:04]} 33. Qf6+ {[%emt 0:00:04]} Kg8 {[%emt 0:01:42]} 34. Bh6 {[%emt 0:00:01]} 1-0

[Event "1st Grandiscacchi Cattolica 2022"]
[Site "Cattolica"]
[Date "2022.03.05"]
[Round "5.9"]
[White "Moroni, Luca Jr"]
[Black "Ronka, Erik"]
[Result "1-0"]
[WhiteElo "2588"]
[BlackElo "2355"]
[Annotator "TA"]
[PlyCount "109"]
[EventDate "2022.03.03"]
[EventType "swiss"]
[EventCountry "ITA"]
[SourceTitle "playchess.com"]
[Source "ChessBase"]
[SourceQuality "1"]

{[%evp 9,109,5,27,9,8,0,13,12,8,10,8,14,16,-16,23,27,27,9,16,22,22,0,18,14,32,27,110,107,129,114,142,145,183,185,434,427,412,125,105,114,141,108,94,106,204,188,164,172,163,109,93,78,82,58,55,10,12,3,3,3,3,3,3,3,3,0,0,0,90,39,48,44,50,39,191,195,259,228,254,247,265,259,389,389,389,385,1338,1327,1081,963,1766,1711,1593,1486,2314,2306,2240,2146,1970,1945,1454,1210]} 1. Nf3 d5 2. e3 Bg4 3. c4 e6 4. Nc3 c6 5. h3 Bh5 6. g4 Bg6 7. cxd5 exd5 8. Ne5 {The position is equal.} Nd7 9. Nxg6 hxg6 10. d4 Be7 11. Bd2 g5 12. Bd3 Ngf6 13. Qf3 {[%cal Oh3h4]} Nf8 14. O-O-O Ne6 15. Kb1 Qd6 16. Rc1 Kf8 17. Ne2 g6 (17... Re8 $11) 18. Qg2 $16 Kg7 19. f4 {[%cal Bf2f4,Bf4f5][%mdl 32]} Rae8 20. f5 Nf8 21. h4 $1 Ne4 (21... Rxh4 {was worth a try.} 22. Rxh4 gxh4) 22. Bxe4 $18 dxe4 23. h5 (23. hxg5 $18 Bxg5 24. Rxh8 Kxh8 25. Rh1+ (25. Ng3 Bh4 $18) 25... Kg8 26. Bc3) 23... gxh5 $16 24. gxh5 (24. Qxe4 $6 h4 $11) 24... Bd8 25. Ng3 f6 26. h6+ Kf7 (26... Kh7 $16 27. Ka1 (27. Nxe4 Qd5 $14) 27... Kg8 28. Nxe4 Qd5) 27. Qh3 {Black must now prevent Qh5+.} ({Don't do} 27. Nxe4 $6 Qd5 28. Rh4 Nd7 $16) 27... Kg8 28. Qg4 Qe7 29. h7+ ({White should try} 29. d5 $18) 29... Rxh7 30. Rxh7 Nxh7 31. Rh1 {And now Qh5 would win. White is more active.} Bc7 32. Qh5 Bxg3 $11 33. Qg6+ Kh8 {[#]} 34. Bb4 $1 Qd7 {[#]} (34... c5 $2 35. Bxc5 Qd7 36. Rxh7+ $1 {[%mdl 512]} Qxh7 37. Qxe8+ Qg8 38. Qe7 $18 (38. Qxe4 b6 $16)) 35. Rxh7+ Qxh7 36. Qxe8+ Qg8 $132 {[%mdl 2048] Black is fighting back} 37. Qe7 Qg7 38. Qxe4 g4 {[#]} (38... Qf7 $11 {keeps the balance.}) 39. Kc2 (39. Qe8+ $1 $16 Kh7 40. e4) 39... Bf2 $14 40. Qe8+ $1 Kh7 41. Qh5+ $1 Kg8 $2 {Black cannot hold the game after this.} (41... Qh6 $1 $14 42. Qxg4 (42. Qf7+ Qg7 $14) 42... Bxe3) 42. Kd3 $18 b6 (42... Bg3 $142 43. e4 Bf2) 43. Ke2 Bg3 44. Qe8+ Kh7 45. Qxc6 Bc7 (45... Bh4 $142 46. Bd6 Qg5 47. Qb7+ Kh8) 46. Qe8 {Hoping for Bf8.} g3 47. Qe7 Kh6 (47... a5) 48. Qxg7+ {White is clearly winning.} Kxg7 {[%mdl 4096] Endgame KB-KB} 49. Kf3 Kh6 50. Be1 g2 51. Kxg2 Kg5 52. Bg3 Bd8 53. e4 Kg4 54. Bd6 b5 55. Kf2 {Weighted Error Value: White=0.17 (very precise) /Black=0.38} 1-0

[Event "1st Grandiscacchi Cattolica 2022"]
[Site "Cattolica"]
[Date "2022.03.05"]
[Round "5.10"]
[White "Van Foreest, Lucas"]
[Black "Dalaud, Dorian"]
[Result "1-0"]
[WhiteElo "2563"]
[BlackElo "2272"]
[Annotator "TA"]
[PlyCount "47"]
[EventDate "2022.03.03"]
[EventType "swiss"]
[EventCountry "ITA"]
[SourceTitle "playchess.com"]
[Source "ChessBase"]
[SourceQuality "1"]

{[%evp 11,47,31,42,31,27,34,26,0,0,8,12,14,121,111,125,110,151,141,137,147,166,156,139,87,347,357,357,365,348,349,353,335,439,429,915,843,832,799]} 1. c4 Nf6 2. Nc3 g6 3. e4 d6 4. d4 Bg7 5. h3 O-O 6. Be3 Nbd7 7. g4 {E71: King's Indian: 4 e4 d6 5 h3.} a6 8. Bg2 e5 9. Nge2 {White has an edge.} b5 {[#]} 10. O-O $146 ({Predecessor:} 10. cxb5 axb5 11. Nxb5 Ba6 12. Nbc3 Rb8 13. Qc2 exd4 14. Bxd4 Re8 15. Rd1 c5 16. Be3 {0-1 (58) Sivuk,V (2526)-Yakubboev,N (2621) Tashkent 2021}) 10... Rb8 11. c5 exd4 (11... Bb7 $11 {keeps the balance.}) 12. Nxd4 $16 {Strongly threatening Nc6.} Ne5 {[#] To avoid Nc6} 13. f4 $1 Nfxg4 14. hxg4 Nxg4 15. Bf2 Nxf2 16. Rxf2 {Hoping for Nc6.} Bg4 {[#]} 17. Bf3 ({Of course not} 17. Qxg4 $6 Bxd4 18. cxd6 Bxf2+ 19. Kxf2 Qxd6 $11) (17. Qd2 $142 $1 {Nc6 is the strong threat.} dxc5 18. Nc6 Qxd2 19. Rxd2) 17... Qh4 $2 {[%mdl 8192] This costs Black the game.} (17... Bxf3 $16 18. Nxf3 (18. Rxf3 Qh4 $16) 18... Bxc3) 18. Bxg4 $18 Bxd4 19. Qxd4 Qxg4+ 20. Rg2 dxc5 21. Qxc5 (21. Rxg4 cxd4 22. Nd5 Kg7 $16) 21... Qxf4 22. Nd5 $1 {[%csl LRc7,LRf4] White is clearly winning.} Qh4 (22... Qd6 $142 23. Qxd6 (23. Qxc7 Qxc7 24. Nxc7 Rb6 $18) 23... cxd6 24. Nf6+ Kg7) 23. Ne7+ Kh8 24. Qc3+ {Weighted Error Value: White=0.07 (flawless) /Black=0.60} ({Not} 24. Nc6 Rbe8 $16) 1-0

[Event "1st Grandiscacchi Cattolica 2022"]
[Site "Cattolica"]
[Date "2022.03.05"]
[Round "6.1"]
[White "Narayanan.S.L"]
[Black "Davtyan, Artur"]
[Result "1/2-1/2"]
[WhiteElo "2658"]
[BlackElo "2460"]
[Annotator "TA"]
[PlyCount "55"]
[EventDate "2022.03.03"]
[EventType "swiss"]
[EventCountry "ITA"]
[SourceTitle "playchess.com"]
[Source "ChessBase"]
[SourceQuality "1"]

{[%evp 11,55,8,8,8,28,18,28,20,30,9,25,28,34,51,43,43,21,20,46,42,45,35,33,22,53,25,27,18,15,18,21,0,13,12,16,10,13,17,15,19,20,0,0,0,0,-6]} 1. e4 e5 2. Nf3 Nc6 3. Bc4 Bc5 4. d3 Nf6 5. Nc3 h6 6. a3 a6 7. Be3 {C50: Hungarian Defence and Giuoco Pianissimo.} Bxe3 8. fxe3 d6 9. d4 {White has an edge.} O-O 10. O-O exd4 11. exd4 {[#]} Nxe4 $146 ({Predecessor:} 11... Bg4 12. Qd3 Bxf3 13. Rxf3 Na5 14. Ba2 b6 15. Raf1 c6 16. Qe3 Ng4 17. Qf4 Qd7 {1-0 (59) Migliorati,M (1500)-Lumachi,G (1419) Sarezzo 2014}) 12. Nxe4 {[#] Threatens to win with Ng3.} d5 13. Bd3 dxe4 14. Bxe4 {[%cal Bd3e4,Be4c2,Bc2b3,Bb3c4][%mdl 32]} Bg4 15. c3 $1 Qd6 16. Qb3 Rae8 17. Rae1 Bc8 18. Qc4 Bd7 19. Bc2 Rxe1 {The position is equal.} 20. Nxe1 Ne7 {[%cal Bc6e7,Be7d5,Bd5f6][%mdl 32] [#] ...Bb5 is the strong threat.} 21. Qd3 {[%csl Gc2][%cal Rd3h7]} g6 22. Qd2 Kg7 23. Nf3 Bf5 24. Bb3 b5 25. Re1 Nd5 26. c4 bxc4 27. Bxc4 Nf6 28. Qc3 {Weighted Error Value: White=0.06 (flawless) /Black=0.06 (flawless)} 1/2-1/2

[Event "1st Grandiscacchi Cattolica 2022"]
[Site "Cattolica"]
[Date "2022.03.05"]
[Round "6.2"]
[White "Praggnanandhaa R"]
[Black "Kamalidenova, Meruert"]
[Result "1-0"]
[WhiteElo "2612"]
[BlackElo "2362"]
[Annotator "TA"]
[PlyCount "85"]
[EventDate "2022.03.03"]
[EventType "swiss"]
[EventCountry "ITA"]
[SourceTitle "playchess.com"]
[Source "ChessBase"]
[SourceQuality "1"]

{[%evp 15,85,58,56,38,96,63,67,40,47,44,133,63,150,118,131,126,98,65,70,54,58,63,109,123,105,120,117,105,102,110,121,122,402,393,413,333,673,281,1052,1055,1004,997,1194,469,29982,482,481,453,818,784,749,712,4902,1166,1719,585,585,585,585,578,578,578,570,570,562,557,563,555,547,522,452,425]} 1. d4 Nf6 2. Nf3 g6 3. c4 Bg7 4. Nc3 O-O 5. e4 d6 6. Be2 e5 7. O-O c6 8. d5 Na6 9. h3 {E94: King's Indian: Classical: 6 Be2 e5 7 0-0: Various Black 7th moves.} c5 ({Better is} 9... cxd5 $14 10. cxd5 Nc5) 10. Ne1 Ne8 {[#]} 11. f4 $146 {White is slightly better.} ({Predecessor:} 11. Nd3 Nb4 12. a3 Nxd3 13. Bxd3 f5 14. f4 exf4 15. Bxf4 g5 16. Bd2 f4 17. Qh5 {0-1 (42) Mikhalevski,V (2579)-Rakhmanov,A (2629) St Petersburg 2018}) 11... f5 $1 12. fxe5 Bxe5 (12... dxe5 $14 13. Nf3 Nd6) 13. Nf3 (13. exf5 $1 $16 Bd4+ 14. Kh1) 13... Bg7 (13... f4 $1 $14) 14. Bg5 $36 {[%mdl 2048] White is on the roll.} Qb6 15. Qd2 fxe4 16. Nh2 {[%cal Bf3h2,Bh2f1,Bf1e3][%mdl 32]} (16. Nxe4 Qxb2 17. Qxb2 Bxb2 $14) 16... Nf6 17. Rf2 {And now Raf1 would win. White is more active.} (17. Bxf6 Bxf6 18. Rxf6 (18. Nxe4 Bd4+ 19. Kh1 Bf5 $11) 18... Rxf6 $11) 17... Bf5 18. Nf1 e3 (18... Bd7 $1 $14) 19. Nxe3 $16 Ne4 20. Nxe4 Bxe4 21. Raf1 Rxf2 22. Rxf2 Qb4 23. Qc1 {Strongly threatening Bf6.} Bf5 $2 {[%mdl 8192] This costs Black the game.} (23... Qxb2 $16 24. Qxb2 Bxb2) 24. Nxf5 $18 gxf5 25. Bh5 f4 $2 (25... b5 26. Qe3 (26. Rxf5 Qxb2 27. Bf7+ Kh8 $16) (26. Be7 Qxc4 27. Qg5 Qd4 $18) 26... Kh8) 26. Qxf4 (26. a3 $142 Qa4 27. Qxf4) 26... Rf8 $2 (26... Qe1+ 27. Rf1 (27. Kh2 Be5 $11) 27... Qe5 28. Qf7+ Kh8) 27. Bf7+ {This bishop pair is nice.} Kh8 28. Re2 {[%cal Og5f6] Intending Bf6! and mate.} Nc7 {[#]} 29. Kh2 (29. Bf6 $142 $1 {Bxg7+ would kill now.} Ne8 30. Rxe8 Rxe8 31. Qg5 Qe1+ 32. Kh2 Qe5+ 33. Bxe5 Bxe5+ 34. g3) 29... b5 {[#]} (29... Nxd5 $18 30. Qf3 (30. cxd5 Qxf4+ 31. Bxf4 Rxf7 $16) (30. Bxd5 Rxf4 31. Bxf4 Qa4 $16) 30... Qxc4 31. Bxd5 Rxf3 32. Bxc4 Rf5 33. Re8+ Rf8) 30. Re7 (30. Bf6 $142 $1 Rxf7 31. Bxg7+ Kxg7 32. Qg5+ Kh8 33. Qd8+ Kg7 34. Re3 Ne8 35. Rxe8) 30... Qxb2 {White is clearly winning.} 31. Bh6 (31. Rxc7 $2 Be5 32. Bf6+ Bxf6 $19) 31... bxc4 (31... Be5 $2 32. Rxe5 $1 {[%mdl 512]} Rxf7 33. Re8+ $3 {[%mdl 512]} Nxe8 34. Qxf7 Qe5+ 35. Bf4) (31... Na8 $142 32. Qxd6 (32. Rxa7 $2 Be5 $19) 32... Nb6) 32. Bxg7+ ({Wrong is} 32. Rxc7 $2 {[#]} Be5 $1 {[%mdl 512]} 33. Qg3 Bxg3+ $19) 32... Qxg7 33. Rxc7 {[%cal Of4d6]} c3 {[#]} 34. Qxd6 $1 {[%cal Of7g6] Threatens to win with Bg6!} c2 {[#]} 35. Rxc5 $1 {Hoping for Be6.} Qxf7 (35... c1=R 36. Rxc1) 36. Rxc2 {[%mdl 4096] Endgame KQR-KQR} a5 37. Qe5+ Qf6 38. Qxf6+ Rxf6 39. Rc8+ Kg7 40. Ra8 {[%cal Bc8a8,Ba8a5,Ba5c5,Bc5c7][%mdl 32]} Rd6 41. Rxa5 Kf6 42. Rc5 {Rc6 is the strong threat.} Ke5 43. Rc7 {Inhibits Rd7.  Weighted Error Value: White=0.70/Black=0.67} 1-0

[Event "1st Grandiscacchi Cattolica 2022"]
[Site "Cattolica"]
[Date "2022.03.05"]
[Round "6.3"]
[White "Sebenik, Matej"]
[Black "Pranav Anand"]
[Result "1/2-1/2"]
[WhiteElo "2510"]
[BlackElo "2436"]
[Annotator "ChessBase"]
[PlyCount "79"]
[EventDate "2022.03.03"]
[EventType "swiss"]
[EventCountry "ITA"]
[SourceTitle "playchess.com"]
[Source "ChessBase"]
[SourceQuality "1"]
[TimeControl "5400+30"]

1. d4 {[%emt 0:00:08]} d5 {[%emt 0:00:45]} 2. Nf3 {[%emt 0:00:08]} Nf6 {[%emt 0:00:07]} 3. e3 {[%emt 0:00:23]} c6 {[%emt 1:31:08]} 4. Bd3 {[%emt 1:31:51]} Bg4 {[%emt 0:00:00]} 5. Nbd2 {[%emt 0:00:30]} Nbd7 {[%emt 0:00:00]} 6. c4 {[%emt 0:00:00]} e6 7. O-O {[%emt 0:00:00]} Bd6 8. b3 {[%emt 0:01:30]} O-O {[%emt 0:00:00]} 9. Bb2 {[%emt 0:00:00]} Qe7 {[%emt 0:00:00]} 10. Qc2 {[%emt 0:00:00]} e5 {[%emt 0:00:00]} 11. dxe5 {[%emt 0:00:00]} Nxe5 {[%emt 0:00:00]} 12. Nxe5 {[%emt 0:00:00]} Bxe5 {[%emt 0:00:00]} 13. Bxe5 {[%emt 0:00:00]} Qxe5 {[%emt 0:00:00]} 14. h3 {[%emt 0:00:00]} Bh5 {[%emt 0:00:00]} 15. cxd5 {[%emt 0:00:00]} Qxd5 {[%emt 0:00:00]} 16. Ne4 {[%emt 0:00:00]} Nxe4 {[%emt 0:00:00]} 17. Bxe4 {[%emt 0:00:00]} Bg6 {[%emt 0:00:00]} 18. Bxg6 {[%emt 0:00:00]} hxg6 {[%emt 0:00:00]} 19. Rad1 {[%emt 0:00:00]} Qe6 {[%emt 0:00:00]} 20. Rd4 {[%emt 0:00:00]} Rfd8 {[%emt 0:00:00]} 21. Rfd1 {[%emt 0:00:00]} Qe7 {[%emt 0:00:00]} 22. Qd3 {[%emt 0:00:00]} Rxd4 {[%emt 0:00:00]} 23. Qxd4 {[%emt 0:00:00]} g5 {[%emt 0:00:00]} 24. g3 {[%emt 0:08:00]} a5 {[%emt 0:00:00]} 25. Qd7 {[%emt 0:00:00]} Kf8 {[%emt 0:00:00]} 26. Rd4 {[%emt 0:00:00]} g6 {[%emt 0:00:00]} 27. Kf1 {[%emt 0:00:00]} Re8 {[%emt 0:00:00]} 28. a4 {[%emt 0:00:00]} Qxd7 {[%emt 0:00:00]} 29. Rxd7 {[%emt 0:00:00]} Re7 {[%emt 0:00:00]} 30. Rd8+ {[%emt 0:00:00]} Re8 {[%emt 0:00:06]} 31. Rxe8+ Kxe8 32. f4 {[%emt 0:00:00]} gxf4 {[%emt 0:01:34]} 33. exf4 {[%emt 0:00:00]} f6 {[%emt 0:05:25]} 34. Ke2 {[%emt 0:00:35]} Ke7 {[%emt 0:00:21]} 35. Ke3 {[%emt 0:01:55]} f5 {[%emt 0:03:28]} 36. g4 {[%emt 0:00:24]} fxg4 {[%emt 0:00:03]} 37. hxg4 {[%emt 0:00:03]} Kf6 {[%emt 0:01:35]} 38. Kd4 {[%emt 0:01:42]} b6 {[%emt 0:00:04]} 39. Ke4 {[%emt 0:00:22]} Ke6 {[%emt 0:00:07]} 40. Kd4 {[%emt 0:01:30]} 1/2-1/2

[Event "1st Grandiscacchi Cattolica 2022"]
[Site "Cattolica"]
[Date "2022.03.05"]
[Round "6.4"]
[White "Basso, Pier Luigi"]
[Black "Azarov, Sergei"]
[Result "1/2-1/2"]
[WhiteElo "2600"]
[BlackElo "2600"]
[Annotator "TA"]
[PlyCount "47"]
[EventDate "2022.03.03"]
[EventType "swiss"]
[EventCountry "ITA"]
[SourceTitle "playchess.com"]
[Source "ChessBase"]
[SourceQuality "1"]

{[%evp 23,24,0,18]} 1. d4 Nf6 2. c4 e6 3. g3 d5 4. Nf3 Bb4+ 5. Bd2 Be7 6. Bg2 O-O 7. O-O Nbd7 8. Qc2 c6 9. Bf4 Nh5 10. Bc1 Nhf6 11. Bf4 Nh5 12. Bc1 Nhf6 {[#]} {Predecessor:} 13. Nbd2 $146 {E09: Closed Catalan: Main Line: 7 Qc2 c6 8 Nbd2.} b6 14. e4 dxc4 15. Nxc4 Bb7 16. Bf4 c5 17. Rfe1 cxd4 18. Nd6 Bxd6 19. Bxd6 d3 20. Qxd3 Bxe4 21. Qd4 e5 22. Qa4 Re8 23. Rad1 Bxf3 24. Bxf3 {0-1 (61) Deac,B (2679)-Maghsoodloo,P (2701) Chess.com INT 2022} 1/2-1/2